<?xml version="1.0" encoding="UTF-8"?>
<collection xmlns="http://www.loc.gov/MARC21/slim">
  <record>
    <leader>00000nam  2200000   4500</leader>
    <controlfield tag="001">INLIS000000000012586</controlfield>
    <controlfield tag="005">20220519122756</controlfield>
    <datafield tag="035" ind1="#" ind2="#">
      <subfield code="a">0010-0522000157</subfield>
    </datafield>
    <datafield tag="245" ind1="1" ind2="#">
      <subfield code="a">Optimalisasi cara pengumpulan dokumen tindak lanjut Organisasi Perangkat Daerah Kota Balikpapan di masa pandemi Covid-19 secara online menggunakan google form di Inspektorat Kota Balikpapan /</subfield>
      <subfield code="c">IIN WULANDARI ,S.E</subfield>
    </datafield>
    <datafield tag="100" ind1="1" ind2="#">
      <subfield code="a">WULANDARI, Iin</subfield>
    </datafield>
    <datafield tag="250" ind1="#" ind2="#">
      <subfield code="a">1</subfield>
    </datafield>
    <datafield tag="300" ind1="#" ind2="#">
      <subfield code="a">x, 50 halaman ; lampiran :</subfield>
      <subfield code="b">ilustrasi ;</subfield>
      <subfield code="c">30 cm</subfield>
    </datafield>
    <datafield tag="260" ind1="#" ind2="#">
      <subfield code="a">Samarinda :</subfield>
      <subfield code="b">Puslatbang KDOD,</subfield>
      <subfield code="c">2021</subfield>
    </datafield>
    <datafield tag="084" ind1="#" ind2="#">
      <subfield code="a">LATSAR 738 2021</subfield>
    </datafield>
    <datafield tag="600" ind1="#" ind2="4">
      <subfield code="a">Pelatihan Dasar</subfield>
    </datafield>
    <datafield tag="600" ind1="#" ind2="4">
      <subfield code="a">Latsar</subfield>
    </datafield>
    <datafield tag="600" ind1="#" ind2="4">
      <subfield code="a">manajemen data</subfield>
    </datafield>
    <datafield tag="600" ind1="#" ind2="4">
      <subfield code="a">manajemen administrasi</subfield>
    </datafield>
    <datafield tag="600" ind1="#" ind2="4">
      <subfield code="a">sistem  infomasi</subfield>
    </datafield>
    <datafield tag="600" ind1="#" ind2="4">
      <subfield code="a">evaluasi kerja</subfield>
    </datafield>
    <datafield tag="600" ind1="#" ind2="4">
      <subfield code="a">pandemi covid</subfield>
    </datafield>
    <datafield tag="520" ind1="#" ind2="#">
      <subfield code="a">Laporan Aktualisasi Pelatihan Dasar ini didasarkan pada isu belum optimalnya cara pengumpulan dokumen tindak lanjut organisasi perangkat daerah di Bawah Pemerintah Kota Balikpapan ke Inspektorat Karena adanya pandemi, sehingga dibuat lima kegiatan berdasarkan nilai ANEKA (Akuntabilitas, Nasionalisme, Etika public, Komitmen Mutu dan Anti korupsi), yaitu: Membuat pemetaan rekomendasi temuan yang harus ditindaklanjuti berdasarkan laporan hasil pemeriksaan, membuat surat pemberitahuan kepada OPD lain untuk penanggung jawab pengelola beserta nomor teleponnya, transformasi mekanisme penyampaian dokumen tindak lanjut menggunakan google form, sosialisasi implementasi mengenai transformasi alur mekanisme penyampaian dokumen, dan evaluasi kegiatan aktualisasi . Kegiatan ini dilaksanakan dari tanggal 24 April -18 Juni 2021.</subfield>
    </datafield>
    <datafield tag="500" ind1="#" ind2="#">
      <subfield code="a">Coach : Veronika Hanna Naibaho,SS.,MAP.,M.Sc.&#13;
Penguji : Windra Mariani, SH.,MH&#13;
Mentor : Ahdini Faurina, S.Sos</subfield>
    </datafield>
    <controlfield tag="008">220519################|##########|#|##</controlfield>
    <datafield tag="990" ind1="#" ind2="#">
      <subfield code="a">LATSAR/738/2021</subfield>
    </datafield>
  </record>
</collection>
